সার্ধশতবর্ষে রবীন্দ্রনাথ / (Record no. 39166)
[ view plain ]
| 000 -LEADER | |
|---|---|
| fixed length control field | 00968nam a2200241 a 4500 |
| 001 - CONTROL NUMBER | |
| control field | 39166 |
| 003 - CONTROL NUMBER IDENTIFIER | |
| rucl marc code | BD-RjUL |
| 005 - DATE AND TIME OF LATEST TRANSACTION | |
| control field | 20211209052931.0 |
| 008 - FIXED-LENGTH DATA ELEMENTS--GENERAL INFORMATION | |
| fixed length control field | 160405b2011 b ||||e |||| 00| 0 ben d |
| 020 ## - INTERNATIONAL STANDARD BOOK NUMBER | |
| International Standard Book Number | 984700000188 |
| Terms of availability | tk. 270.00 |
| 035 ## - SYSTEM CONTROL NUMBER | |
| System control number | (BD-RjUL)39278 |
| 040 ## - CATALOGING SOURCE | |
| Original cataloging agency | BD-RjUL |
| Language of cataloging | ben |
| Transcribing agency | BD-RjUL |
| 041 ## - LANGUAGE CODE | |
| Language code of text/sound track or separate title | ben |
| 082 ## - DEWEY DECIMAL CLASSIFICATION NUMBER | |
| Edition number | 23 |
| Classification number | 891.4409 |
| Author mark and year | KAS 2011 |
| 100 ## - MAIN ENTRY--PERSONAL NAME | |
| Personal name | কায়সার, শান্তানু |
| 9 (RLIN) | 120832 |
| 245 ## - TITLE STATEMENT | |
| Title | সার্ধশতবর্ষে রবীন্দ্রনাথ / |
| Statement of responsibility, etc. | শান্তানু কায়সার |
| 260 ## - PUBLICATION, DISTRIBUTION, ETC. (IMPRINT) | |
| Place of publication, distribution, etc. | ঢাকা : |
| Name of publisher, distributor, etc. | জাতীয় সাহিত্য প্রকাশ, |
| Date of publication, distribution, etc. | ২০১১. |
| 300 ## - PHYSICAL DESCRIPTION | |
| Pagination | ১৮৪ পৃ.; |
| Size | ২১ সেমি. |
| 504 ## - BIBLIOGRAPHY, ETC. NOTE | |
| Bibliography, etc | টীকা সংযুক্ত |
| 650 ## - SUBJECT ADDED ENTRY--TOPICAL TERM | |
| Topical term or geographic name as entry element | বাংলা সাহিত্য |
| General subdivision | ইতিহাস ও সমালোচনা |
| 9 (RLIN) | 118060 |
| Topical term or geographic name as entry element | Bengali literature |
| General subdivision | History & criticism |
| 9 (RLIN) | 120485 |
| 942 ## - ADDED ENTRY ELEMENTS (KOHA) | |
| Source of classification or shelving scheme | Dewey Decimal Classification |
| Koha item type | Books |
| Lost status | Source of classification or shelving scheme | Damaged status | Not for loan | Collection code | Permanent Location | Current Location | Shelving location | Date acquired | Source of acquisition | Cost, normal purchase price | Total Checkouts | Full call number | Date last seen | Copy number | Koha item type |
|---|---|---|---|---|---|---|---|---|---|---|---|---|---|---|---|
| Dewey Decimal Classification | Not For Loan | Fiction | Central Library, University of Rajshahi | Central Library, University of Rajshahi | 30/07/2013 | Jatiya Sahitya Prakash | 270.00 | B 891.4409 KAS 2011 | 05/04/2016 | C-1 | Books | ||||
| Dewey Decimal Classification | Fiction | Central Library, University of Rajshahi | Central Library, University of Rajshahi | 30/07/2013 | Jatiya Sahitya Prakash | 270.00 | B 891.4409 KAS 2011 | 05/04/2016 | C-2 | Books | |||||
| Dewey Decimal Classification | Fiction | Central Library, University of Rajshahi | Central Library, University of Rajshahi | 30/07/2013 | Jatiya Sahitya Prakash | 270.00 | B 891.4409 KAS 2011 | 05/04/2016 | C-3 | Books |